000 00901nam a22002177a 4500
005 20210325205911.0
008 210325b th ||||| |||| 00| 0 tha d
020 _a9786167351582
050 _aAC159 ภ116จ
100 0 _aภควัต ฟูสกุลธรรม
245 1 0 _aจารึกเรื่องอัศจรรย์ คนยุคปัจจุบัน (ไม่) เคยรู้
260 3 _aกรุงเทพฯ :
_bแพรธรรม,
_cม.ป.ป.
300 _a542 หน้า :
_b ภาพประกอบ
650 0 4 _aความรู้ทั่วไป
650 0 4 _aรวมเรื่อง
850 _aNALT
942 _cGB
_01
997 _a39890 ฉ.1 /39891 ฉ.2
997 _c000000000064744
998 _aนางสุกัญญา กัลยา
999 _c64744
_d64744